000 00645nam a2200229 i 4500
001 bg
100 1 _aBARTOSZEK, Jerzy
245 1 0 _aWybrane elementy środowiska informatycznego /
_cJerzy Bartoszek, Grażyna Brzykcy.
260 _aPoznań :
_bWydaw. Politechniki Poznańskiej,
_c1999.
300 _a100 s. :
_brys. ;
_c24 cm.
504 _aBibliogr. s. 94-96.
650 9 _aInformatyka
655 _aPodręczniki akademickie
700 1 _aBRZYKCY, Grażyna
020 _a8371431503
040 _cBPK
041 0 _apl
080 _a004(075.8)
920 _a83-7143-150-3
942 _cKS
008 s pl f |000 0 pol
999 _c36506
_d36506
856 _uhttp://koha.tu.koszalin.pl/cgi-bin/koha/opac-detail.pl?biblionumber=36506
_yKatalog online BPK